Statistics for August 4th: Birthdays

Click here to take the quiz!

General Stats

  • This quiz has been taken 5 times
  • The average score is 3 of 10

Answer Stats

YearClueAnswer% Correct
1961United States PresidentBarack Obama
100%
1981Duchess of SussexMeghan Markle
80%
1992Actors in Suite Life of Zack and CodyCole Sprouse/Dylan Sprouse
40%
1821Luggage MakerLouis Vuitton
40%
1901Artist of Hello DollyLouis Armstrong
20%
1921NHL star for the Montreal CanadiansMaurice Richard
20%
1962Pitcher for the Boston Red SoxRoger Clemens
20%
1942New Zealand Prime MinisterDavid Lange
0%
1900Consort of George VIQueen Elizabeth, the Queen Mother
0%
1933Founder of Las Vegas SandsSheldon Adelson
0%

Score Distribution

Percentile by Number Answered

Percent of People with Each Score

Your Score History

You have not taken this quiz